000 00634nam a2200181 a 4500
001 000035593
005 20200930074446.0
008 111104s1973 mx 000 0 spa d
040 _aDO-SdBNP
_bspa
_cBNPHU
082 _axxxx
_bV161h
100 1 _aValenzuela, Mariana
_961496
245 1 0 _aHistoria del dulce trato dado a los Indios por los yanquis :
_brebelión y miseria de los indios sioux en 1973 /
_cMariana Valenzuela.
260 _aMéxico :
_bPosada,
_c1973.
300 _a187 p. ;
_c17 cm.
490 1 _aDuda
_v35
590 _aPerteneció a la biblioteca personal de Juan Isidro Jimenes Grullón.
830 0 _aDuda
_v35
_935688
999 _c35084
_d35084